[Event "EU-ch Blitz"]
[Site "Skopje"]
[Date "2024.12.09"]
[Round "12"]
[White "Perunovic, Miodrag"]
[Black "Koelle, Tobias"]
[Result "0-1"]
[WhiteElo "2357"]
[BlackElo "2437"]
[PlyCount "73"]
[EventDate "2024.12.09"]
[EventType "swiss (blitz)"]
[EventRounds "13"]
[EventCountry "MKD"]
[SourceTitle "CB50_2024"]
[SourceDate "2024.11.01"]
[SourceVersion "1"]
[SourceVersionDate "2024.11.01"]
[SourceQuality "2"]

1. e4 c5 2. Nf3 d6 3. d4 cxd4 4. Nxd4 Nf6 5. Nc3 a6 6. Bc4 e6 7. Be3 Be7 8. Bb3 b5 9. Qf3 0-0 10. e5 dxe5 11. Qxa8 exd4 12. 0-0-0 Qc7 13. Bxd4 Nc6 14. Bxf6 Bxf6 15. Ne4 Be7 16. Rhe1 Bb7 17. Qxf8+ Kxf8 18. g3 g6 19. Kb1 Na5 20. Re3 Nxb3 21. axb3 Bxe4 22. Rxe4 Kg7 23. Red4 Bf6 24. Rd7 Qe5 25. c3 Qf5+ 26. Ka2 Qxf2 27. R1d2 Qf1 28. Ra7 Be5 29. Rdd7 b4 30. cxb4 Qf2 31. Rxf7+ Qxf7 32. Rxf7+ Kxf7 33. Ka3 Ke7 34. Ka4 Bxb2 35. Ka5 Bc3 36. Kxa6 Bxb4 37. Kb5 0-1

[Event "EU-ch Rapid"]
[Site "Skopje"]
[Date "2024.12.07"]
[Round "5"]
[White "Grigorov, Grigor"]
[Black "Perunovic, Miodrag"]
[Result "1-0"]
[WhiteElo "2497"]
[BlackElo "2357"]
[PlyCount "81"]
[EventDate "2024.12.07"]
[EventType "swiss (rapid)"]
[EventRounds "11"]
[EventCountry "MKD"]
[SourceTitle "CB50_2024"]
[SourceDate "2024.11.01"]
[SourceVersion "1"]
[SourceVersionDate "2024.11.01"]
[SourceQuality "2"]

1. d4 Nf6 2. Nf3 e6 3. Bg5 h6 4. Bh4 c5 5. e3 cxd4 6. exd4 b6 7. Nbd2 Bb7 8. c3 Be7 9. Bxf6 Bxf6 10. Bd3 d6 11. Qe2 Nd7 12. 0-0-0 Qc7 13. Kb1 0-0-0 14. Ne4 Kb8 15. h4 h5 16. Rhe1 g6 17. g3 Be7 18. Neg5 Bxg5 19. Nxg5 Nf6 20. Qe3 Nd5 21. Qd2 e5 22. c4 Nf6 23. Qc3 Rhe8 24. Bc2 Ng4 25. f3 exd4 26. Rxd4 Ne5 27. Red1 f6 28. Ne4 Nxf3 29. Qxf3 f5 30. Qf4 fxe4 31. Bxe4 Bxe4+ 32. Rxe4 Rxe4 33. Qxe4 Qf7 34. a3 Kc7 35. Rd5 Qf1+ 36. Ka2 Re8 37. Qd4 Re6 38. Qg7+ Kc6 39. Rd4 Qf6 40. Qg8 Qe7 41. Qc8+ 1-0

[Event "SRB-chT Premier"]
[Site "Bajina Basta"]
[Date "2024.10.06"]
[Round "10.4"]
[White "Perunovic, Miodrag"]
[Black "Zajic, Milan"]
[Result "1/2-1/2"]
[WhiteElo "2347"]
[BlackElo "2404"]
[PlyCount "32"]
[EventDate "2024.09.27"]
[EventType "team-tourn"]
[EventRounds "11"]
[EventCountry "SRB"]
[SourceTitle "EXT 2025"]
[Source "ChessBase"]
[SourceDate "2024.10.14"]
[SourceVersion "1"]
[SourceVersionDate "2024.10.14"]
[SourceQuality "1"]
[WhiteTeam "Pozega"]
[BlackTeam "Goracici Jelica"]
[WhiteTeamCountry "SRB"]
[BlackTeamCountry "SRB"]

1. e4 e6 2. d4 d5 3. Nc3 Bb4 4. e5 c5 5. a3 Bxc3+ 6. bxc3 Qa5 7. Bd2 Qa4 8. Qb1 c4 9. h4 Nc6 10. h5 h6 11. g3 Bd7 12. Bh3 0-0-0 13. Ne2 Nge7 14. Nf4 Kb8 15. 0-0 Nc8 16. Kh2 Nb6 1/2-1/2

[Event "SRB-ch sf"]
[Site "Paracin"]
[Date "2024.02.07"]
[Round "4"]
[White "Perunovic, Miodrag"]
[Black "Cuzovic, Ognjen"]
[Result "1/2-1/2"]
[WhiteElo "2373"]
[BlackElo "2012"]
[PlyCount "67"]
[EventDate "2024.02.05"]
[EventType "swiss"]
[EventRounds "9"]
[EventCountry "SRB"]
[SourceTitle "CBM 218 Extra"]
[Source "ChessBase"]
[SourceDate "2024.03.31"]
[SourceVersion "1"]
[SourceVersionDate "2024.03.31"]
[SourceQuality "1"]

1. d4 d5 2. Nf3 Nf6 3. Bf4 e6 4. e3 Bd6 5. Nbd2 0-0 6. Bd3 c5 7. dxc5 Bxf4 8. exf4 Qc7 9. g3 Qxc5 10. 0-0 Nc6 11. c3 a6 12. Re1 b5 13. Ne5 Bb7 14. Nb3 Qb6 15. Nxc6 Bxc6 16. Nd4 g6 17. Qe2 Bb7 18. Qe5 Nd7 19. Qg5 Qd8 20. Qh6 Qf6 21. Qh3 b4 22. Re3 Nc5 23. Rae1 bxc3 24. bxc3 Ne4 25. Nf3 Rac8 26. c4 h5 27. cxd5 exd5 28. Qd7 Qc6 29. Qh3 Qf6 30. Ne5 Rfd8 31. Nd7 Qc6 32. Ne5 Qf6 33. Nd7 Qc6 34. Ne5 1/2-1/2

[Event "EU-ch Blitz"]
[Site "Zagreb"]
[Date "2023.12.16"]
[Round "7"]
[White "Perunovic, Miodrag"]
[Black "Hrvacic, Pavle"]
[Result "1/2-1/2"]
[WhiteElo "2373"]
[BlackElo "2213"]
[PlyCount "59"]
[EventDate "2023.12.16"]
[EventType "swiss (blitz)"]
[EventRounds "13"]
[EventCountry "CRO"]
[SourceTitle "CBM 217 Extra"]
[Source "ChessBase"]
[SourceDate "2024.01.31"]
[SourceVersion "1"]
[SourceVersionDate "2024.01.31"]
[SourceQuality "1"]

1. e4 c5 2. Nc3 Nc6 3. Bb5 Nd4 4. Nf3 a6 5. Bd3 g6 6. 0-0 Bg7 7. Re1 Nh6 8. e5 0-0 9. b4 d6 10. exd6 exd6 11. Rb1 b5 12. Be4 Rb8 13. h3 Nhf5 14. Nd5 Nxf3+ 15. Qxf3 Nd4 16. Qd1 Bb7 17. c3 f5 18. Bf3 Nxf3+ 19. Qxf3 Kh8 20. d3 Bxc3 21. Bb2 Bxb2 22. Rxb2 Re8 23. Rbe2 Rxe2 24. Rxe2 Qg5 25. Re6 Bxd5 26. Qxd5 Qc1+ 27. Kh2 Qf4+ 28. Kg1 Qc1+ 29. Kh2 Qg5 30. Qf3 1/2-1/2

[Event "EU-ch Rapid"]
[Site "Zagreb"]
[Date "2023.12.15"]
[Round "7"]
[White "Perunovic, Miodrag"]
[Black "Sahidi, Samir"]
[Result "1/2-1/2"]
[WhiteElo "2373"]
[BlackElo "2476"]
[PlyCount "92"]
[EventDate "2023.12.14"]
[EventType "swiss (rapid)"]
[EventRounds "11"]
[EventCountry "CRO"]
[SourceTitle "CBM 217 Extra"]
[Source "ChessBase"]
[SourceDate "2024.01.31"]
[SourceVersion "1"]
[SourceVersionDate "2024.01.31"]
[SourceQuality "1"]

1. e4 c6 2. d4 d5 3. e5 Bf5 4. h4 h5 5. Bd3 Bxd3 6. Qxd3 e6 7. Bg5 Qa5+ 8. Nd2 Ne7 9. Ne2 Nd7 10. 0-0 Nf5 11. Ng3 g6 12. Nxf5 gxf5 13. c4 Bb4 14. b3 Nf8 15. a3 Be7 16. b4 Qd8 17. f4 Bxg5 18. hxg5 Ng6 19. b5 cxb5 20. cxb5 Kf8 21. Rac1 Kg7 22. Rc5 Rc8 23. Nb3 Qe7 24. Qc3 Rxc5 25. Qxc5 b6 26. Qxe7 Nxe7 27. Kf2 a6 28. bxa6 Ra8 29. a4 Rxa6 30. Ra1 h4 31. a5 bxa5 32. Rxa5 Rb6 33. Nc5 Ng6 34. Ra8 Nxf4 35. Nd7 Rb2+ 36. Kf3 Nh5 37. Nf6 Rb3+ 38. Kf2 Nxf6 39. exf6+ Kh7 40. Rf8 Rb7 41. Kf3 Ra7 42. Kf4 Rb7 43. Kf3 Ra7 44. Kf4 Rd7 45. Ke5 Ra7 46. Kf4 Rb7 1/2-1/2

[Event "EU-ch Rapid"]
[Site "Zagreb"]
[Date "2023.12.14"]
[Round "3"]
[White "Perunovic, Miodrag"]
[Black "Kadric, Denis"]
[Result "0-1"]
[WhiteElo "2373"]
[BlackElo "2587"]
[PlyCount "158"]
[EventDate "2023.12.14"]
[EventType "swiss (rapid)"]
[EventRounds "11"]
[EventCountry "CRO"]
[SourceTitle "CBM 217 Extra"]
[Source "ChessBase"]
[SourceDate "2024.01.31"]
[SourceVersion "1"]
[SourceVersionDate "2024.01.31"]
[SourceQuality "1"]

1. e4 e5 2. Bc4 Nf6 3. d3 c6 4. Nf3 Be7 5. 0-0 d6 6. c3 0-0 7. Bb3 Nbd7 8. Nbd2 a5 9. a4 Re8 10. Re1 Bf8 11. Nf1 d5 12. Ng3 h6 13. h3 Qc7 14. Nh4 Nc5 15. Bc2 dxe4 16. dxe4 g6 17. Be3 Nh7 18. Qc1 h5 19. Bh6 Qe7 20. Bxf8 Nxf8 21. Nf3 Qf6 22. Qe3 Nce6 23. Bb3 Nf4 24. Rad1 Be6 25. Bxe6 Rxe6 26. Rd2 Rd8 27. Red1 Ra8 28. Kh2 h4 29. Nf1 g5 30. Kg1 Qe7 31. N1h2 f6 32. Ng4 Kg7 33. Kh2 Qc7 34. Qc5 Ree8 35. Ne3 N4e6 36. Nf5+ Kh7 37. Qc4 Red8 38. Nd6 Qb6 39. Kg1 Kg6 40. Nh2 Qc5 41. Qe2 Rd7 42. Qg4 Ng7 43. Nf3 Kh7 44. Nf5 Rxd2 45. Rxd2 Nxf5 46. Qxf5+ Kg7 47. Nxg5 fxg5 48. Qxg5+ Kf7 49. Qxh4 Qe7 50. Qh5+ Kg7 51. Qg4+ Kh8 52. Qf5 Re8 53. Rd3 Qh7 54. Qf6+ Qg7 55. Qd6 Qg6 56. Qc7 Qh7 57. Qxa5 Qxe4 58. Rd8 Rxd8 59. Qxd8 Qe1+ 60. Kh2 Qxf2 61. Qe7 Qf4+ 62. Kh1 e4 63. Qb4 Ng6 64. a5 e3 65. Qxf4 Nxf4 66. Kg1 Nd3 67. Kf1 Nxb2 68. Ke2 Nc4 69. Kd3 Kg7 70. g4 Kf6 71. h4 Ke5 72. h5 Kf4 73. h6 Ne5+ 74. Ke2 Ke4 75. g5 Ng6 76. h7 c5 77. c4 Nh8 78. Ke1 Kd3 79. Kd1 Kxc4 0-1

[Event "Belgrade Serbia op"]
[Site "Belgrade"]
[Date "2023.07.23"]
[Round "8"]
[White "Perunovic, Miodrag"]
[Black "Subelj, Jan"]
[Result "1/2-1/2"]
[WhiteElo "2405"]
[BlackElo "2513"]
[PlyCount "63"]
[EventDate "2023.07.16"]
[EventType "swiss"]
[EventRounds "9"]
[EventCountry "SRB"]
[SourceTitle "CBM 215 Extra"]
[Source "ChessBase"]
[SourceDate "2023.09.30"]
[SourceVersion "1"]
[SourceVersionDate "2023.09.30"]
[SourceQuality "1"]

1. e4 e6 2. d4 d5 3. Nc3 Nf6 4. e5 Nfd7 5. f4 c5 6. Nf3 Nc6 7. Be3 Be7 8. Qd2 0-0 9. dxc5 Qa5 10. a3 Bxc5 11. 0-0-0 f6 12. exf6 Nxf6 13. Bxc5 Qxc5 14. Kb1 Bd7 15. Bd3 Rab8 16. Nb5 Ng4 17. Nbd4 Nxd4 18. Nxd4 e5 19. fxe5 Nf2 20. Qg5 Nxh1 21. Qh5 g6 22. Bxg6 Qe7 23. Nf5 Bxf5 24. Bxf5 Nf2 25. Rxd5 Rbd8 26. Rxd8 Rxd8 27. Bxh7+ Kg7 28. b3 Ng4 29. Bf5 Nxe5 30. Qh7+ Kf6 31. Qh4+ Kf7 32. Qh7+ 1/2-1/2

[Event "Belgrade Serbia op"]
[Site "Belgrade"]
[Date "2023.07.16"]
[Round "1"]
[White "Tulchynskyi, Feliks"]
[Black "Perunovic, Miodrag"]
[Result "1/2-1/2"]
[WhiteElo "2248"]
[BlackElo "2405"]
[PlyCount "88"]
[EventDate "2023.07.16"]
[EventType "swiss"]
[EventRounds "9"]
[EventCountry "SRB"]
[SourceTitle "CBM 215 Extra"]
[Source "ChessBase"]
[SourceDate "2023.09.30"]
[SourceVersion "1"]
[SourceVersionDate "2023.09.30"]
[SourceQuality "1"]

1. d4 Nf6 2. c4 g6 3. Nc3 Bg7 4. e4 d6 5. h3 0-0 6. Be3 e5 7. d5 Na6 8. g4 Nc5 9. f3 a5 10. Qd2 c6 11. Nge2 cxd5 12. cxd5 Bd7 13. Ng3 h5 14. Bb5 h4 15. Nge2 Ne8 16. Bxd7 Qxd7 17. Bg5 f5 18. 0-0 b5 19. exf5 gxf5 20. Bxh4 b4 21. Nd1 Nc7 22. Ng3 fxg4 23. hxg4 Rf4 24. Nh5 Rd4 25. Qg5 Nxd5 26. Ne3 Rf8 27. Nxd5 Rxd5 28. Rad1 Rxd1 29. Rxd1 Ne6 30. Qg6 Qa7+ 31. Kh1 Nf4 32. Nxf4 Rxf4 33. Rxd6 Rxf3 34. Rd8+ Rf8 35. Qe6+ Kh7 36. Rxf8 Bxf8 37. Qxe5 Qb7+ 38. Kh2 Qc6 39. Qf5+ Kg8 40. Qd3 a4 41. Bg3 Qh6+ 42. Kg2 Qc6+ 43. Kh2 Qh6+ 44. Kg2 Qc6+ 1/2-1/2

[Event "Paracin op 16th"]
[Site "Paracin"]
[Date "2023.07.08"]
[Round "2"]
[White "Nurgali, Nazerke"]
[Black "Perunovic, Miodrag"]
[Result "1-0"]
[WhiteElo "2192"]
[BlackElo "2405"]
[PlyCount "109"]
[EventDate "2023.07.07"]
[EventType "swiss"]
[EventRounds "9"]
[EventCountry "SRB"]
[SourceTitle "EXT 2024"]
[Source "ChessBase"]
[SourceDate "2023.10.10"]
[SourceVersion "1"]
[SourceVersionDate "2023.10.10"]
[SourceQuality "1"]

1. d4 Nf6 2. Nf3 e6 3. g3 d5 4. Bg2 Be7 5. 0-0 Ne4 6. c4 f5 7. Qc2 c6 8. Nbd2 Nd7 9. b3 0-0 10. Bb2 Qe8 11. Ne1 Qh5 12. f3 Ng5 13. Nd3 Nh3+ 14. Kh1 g5 15. e4 Rf6 16. Bxh3 Qxh3 17. Nf2 Qh5 18. Kg2 Rh6 19. Rh1 fxe4 20. fxe4 Nf6 21. h3 Bd7 22. e5 Ne8 23. c5 Qf7 24. Ng4 Rg6 25. Rhf1 Qg7 26. Rf2 h5 27. Ne3 g4 28. h4 Nc7 29. Raf1 Rf8 30. Kg1 Rxf2 31. Rxf2 Qh6 32. Ng2 Be8 33. Nf1 Kh8 34. Bc1 Qg7 35. Nf4 Rh6 36. Ne3 Bf7 37. b4 Bg8 38. Qd2 Rh7 39. Neg2 Bf7 40. Qd3 Kg8 41. a4 a6 42. Bd2 Rh6 43. Qe3 Rh8 44. Qd3 Rh7 45. b5 axb5 46. Ba5 Ne8 47. axb5 Kh8 48. bxc6 bxc6 49. Qa6 Qg8 50. Qxc6 Ng7 51. Ne3 Be8 52. Qa6 Rh6 53. Nfxd5 Bf8 54. Nf6 Qf7 55. Nfxg4 1-0

[Event "Belgrade Gligoric 100 Ann op"]
[Site "Belgrade"]
[Date "2023.02.05"]
[Round "8"]
[White "Milosevic, Milos"]
[Black "Perunovic, Miodrag"]
[Result "0-1"]
[WhiteElo "2346"]
[BlackElo "2405"]
[PlyCount "70"]
[EventDate "2023.02.05"]
[EventType "swiss (blitz)"]
[EventRounds "11"]
[EventCountry "SRB"]
[SourceTitle "EXT 2024"]
[Source "ChessBase"]
[SourceDate "2023.10.10"]
[SourceVersion "1"]
[SourceVersionDate "2023.10.10"]
[SourceQuality "1"]

1. e4 e5 2. Nf3 Nc6 3. Bb5 Nge7 4. d3 Ng6 5. h4 Be7 6. h5 Nh4 7. Nxh4 Bxh4 8. Qg4 Bf6 9. Nc3 Nd4 10. Ba4 c6 11. Bd2 a5 12. a3 b5 13. Bb3 a4 14. Ba2 Nxc2+ 15. Ke2 Nxa1 16. Rxa1 d6 17. Qf3 Be6 18. Bxe6 fxe6 19. Qg4 Qd7 20. Rc1 0-0 21. Nd1 c5 22. Ne3 Rf7 23. Rh1 Raf8 24. Rh3 Bd8 25. f3 Rf4 26. Qg3 R4f7 27. Ng4 Kh8 28. Qe1 c4 29. dxc4 bxc4 30. Bb4 Bb6 31. Qd2 Bd4 32. h6 g6 33. Qc2 Qb5 34. Kd2 Rf4 35. Bxd6 Rxg4 0-1

[Event "Belgrade Gligoric 100 Ann op"]
[Site "Belgrade"]
[Date "2023.02.05"]
[Round "10"]
[White "Perunovic, Miodrag"]
[Black "Maksimovic, Bojan"]
[Result "0-1"]
[WhiteElo "2405"]
[BlackElo "2486"]
[PlyCount "68"]
[EventDate "2023.02.05"]
[EventType "swiss (blitz)"]
[EventRounds "11"]
[EventCountry "SRB"]
[SourceTitle "EXT 2024"]
[Source "ChessBase"]
[SourceDate "2023.10.10"]
[SourceVersion "1"]
[SourceVersionDate "2023.10.10"]
[SourceQuality "1"]

1. e4 g6 2. d4 Nf6 3. e5 Nh5 4. Be2 d6 5. exd6 Qxd6 6. Nc3 Nf6 7. Nf3 Bg7 8. h3 0-0 9. 0-0 a6 10. Re1 Nc6 11. Bf1 Rd8 12. Be3 b5 13. a3 Bb7 14. Qd2 e5 15. Rad1 exd4 16. Nxd4 Nxd4 17. Qxd4 Qxd4 18. Bxd4 Re8 19. Bd3 Rad8 20. Be5 c5 21. f4 Nh5 22. Bxg7 Kxg7 23. f5 Nf4 24. fxg6 hxg6 25. Bf1 Rxe1 26. Rxe1 Rd2 27. Ne4 Rxc2 28. g3 Ne6 29. Nd6 Bc6 30. b4 Nd4 31. Ne8+ Bxe8 32. Bg2 Bc6 33. Bxc6 Nxc6 34. bxc5 Rxc5 0-1

[Event "SRB-ch 16th"]
[Site "Bajina Basta"]
[Date "2022.12.14"]
[Round "9"]
[White "Perunovic, Miodrag"]
[Black "Martic, Ivan"]
[Result "1-0"]
[WhiteElo "2417"]
[BlackElo "2270"]
[PlyCount "53"]
[EventDate "2022.12.06"]
[EventType "tourn"]
[EventRounds "9"]
[EventCountry "SRB"]
[EventCategory "10"]
[SourceTitle "CBM 211 Extra"]
[Source "ChessBase"]
[SourceDate "2023.01.31"]
[SourceVersion "1"]
[SourceVersionDate "2023.01.31"]
[SourceQuality "1"]

1. e4 e5 2. Nf3 Nc6 3. Nc3 g6 4. h4 Bg7 5. Bc4 Na5 6. Be2 Nf6 7. d4 exd4 8. Nxd4 Nc6 9. Be3 0-0 10. h5 Re8 11. hxg6 hxg6 12. Bg5 d6 13. Nxc6 bxc6 14. Qd2 Rb8 15. Rh4 Rxb2 16. 0-0-0 Bf5 17. exf5 Qb8 18. Rdh1 Nd5 19. f6 Nb4 20. Kd1 Nxa2 21. Nxa2 Rxa2 22. fxg7 Ra1+ 23. Qc1 Rxc1+ 24. Kxc1 f6 25. Rh8+ Kf7 26. Rxe8 Qxe8 27. Rh8 1-0

[Event "SRB-ch 16th"]
[Site "Bajina Basta"]
[Date "2022.12.07"]
[Round "2"]
[White "Indjic, Aleksandar"]
[Black "Perunovic, Miodrag"]
[Result "1-0"]
[WhiteElo "2636"]
[BlackElo "2417"]
[PlyCount "64"]
[EventDate "2022.12.06"]
[EventType "tourn"]
[EventRounds "9"]
[EventCountry "SRB"]
[EventCategory "10"]
[SourceTitle "CBM 211 Extra"]
[Source "ChessBase"]
[SourceDate "2023.01.31"]
[SourceVersion "1"]
[SourceVersionDate "2023.01.31"]
[SourceQuality "1"]

1. d4 Nf6 2. c4 g6 3. Nc3 Bg7 4. Nf3 d6 5. h3 0-0 6. g4 c5 7. d5 e6 8. Bg2 exd5 9. cxd5 Re8 10. Nd2 h5 11. g5 Nh7 12. Nde4 Bf5 13. h4 b5 14. Ng3 Bg4 15. Nxb5 f6 16. gxf6 Bxf6 17. Qc2 Kg7 18. Bf4 Qa5+ 19. Nc3 Na6 20. Qd2 Rab8 21. 0-0 Qd8 22. Nge4 Be5 23. Bxe5+ Rxe5 24. f4 Re8 25. Ng5 Nf6 26. e4 Qb6 27. Rae1 c4+ 28. Kh1 Qxb2 29. Qxb2 Rb6 30. Qb4 Rxb4 31. e5 Rb2 32. Nce4 Nd7 1-0